Central Library OPAC University of Rajshahi

India : (Record no. 25163)

MARC details
000 -LEADER
fixed length control field 00643nam a22002292a 4500
001 - CONTROL NUMBER
control field 25163
003 - CONTROL NUMBER IDENTIFIER
rucl marc code BD-RjUL
005 - DATE AND TIME OF LATEST TRANSACTION
control field 20211209050836.0
008 - FIXED-LENGTH DATA ELEMENTS--GENERAL INFORMATION
fixed length control field 140316s1955 enka 000 0 eng u
035 ## - SYSTEM CONTROL NUMBER
System control number (BD-RjUL)25232
040 ## - CATALOGING SOURCE
Original cataloging agency KSU
Modifying agency UKM
-- GZM
-- EQO
Language of cataloging eng
Transcribing agency BD-RjUL
041 ## - LANGUAGE CODE
Language code of text/sound track or separate title eng
082 ## - DEWEY DECIMAL CLASSIFICATION NUMBER
Classification number 915.4
Edition number 18
Author mark and year HAI
100 1# - MAIN ENTRY--PERSONAL NAME
Personal name Hartog, Mabel Hélène Kisch,
9 (RLIN) 77404
245 10 - TITLE STATEMENT
Title India :
Remainder of title new pattern /
Statement of responsibility, etc. Foreword by Lord Hailey
260 ## - PUBLICATION, DISTRIBUTION, ETC. (IMPRINT)
Place of publication, distribution, etc. London :
Name of publisher, distributor, etc. Allen & Unwin,
Date of publication, distribution, etc. 1955.
300 ## - PHYSICAL DESCRIPTION
Pagination 158 p. :
Illustrations ill. ;
Size 23 cm
651 #0 - SUBJECT ADDED ENTRY--GEOGRAPHIC NAME
Geographic name India
General subdivision Social conditions
9 (RLIN) 77405
942 ## - ADDED ENTRY ELEMENTS (KOHA)
Source of classification or shelving scheme Dewey Decimal Classification
Koha item type Books
Holdings
Lost status Source of classification or shelving scheme Damaged status Not for loan Collection code Permanent Location Current Location Shelving location Date acquired Source of acquisition Cost, normal purchase price Total Checkouts Full call number Date last seen Copy number Koha item type
  Dewey Decimal Classification   Added to bundle Non-fiction Central Library, University of Rajshahi Central Library, University of Rajshahi Reading Room 17/08/1957 Pak american commerical 6.00   915.4 HAI 1955 16/03/2014 C-1 Books
  Dewey Decimal Classification     Non-fiction Central Library, University of Rajshahi Central Library, University of Rajshahi   09/07/1968 sweets & zeithinger 12.60   915.4 HAI 1955 16/03/2014 C-2 Books